Music Quiz

Random Music or Letter Quiz

One Hit Wonders A-Z Quiz Stats

 Plays Quiz not verified by Sporcle

Score 0/25 Timer 07:00
0 Plays Today
Letter Artist or Group % Correct
ZWarren Zevon
70.8%
IChris Isaak
56.9%
TTiny Tim
54.2%
RRednex
51.4%
VVerve Pipe
51.4%
PPilot
37.5%
HHarvey Danger
33.3%
QSuzi Quatro And Chris Norman
33.3%
UTracey Ullman
31.9%
LLemon Pipers
30.6%
CBob Carlisle
27.8%
ORic Ocasek
23.6%
AAlive And Kicking
20.8%
Letter Artist or Group % Correct
SHurricane Smith
20.8%
JJars Of Clay
19.4%
DDaddy Dewdrop
18.1%
BBells
16.7%
KJonathan King
16.7%
GCyndi Grecco
15.3%
YYellow Balloon
15.3%
EEquals
13.9%
WRoger Whittaker
13.9%
FFifth Estate
11.1%
NNeon Philharmonic
11.1%
MMagic Lanterns
8.3%

You're not logged in!

Compare scores with friends on all Sporcle quizzes.
OR
Log In

Show Comments

Extras

Top Quizzes Today


Score Distribution

Your Account Isn't Verified!

In order to create a playlist on Sporcle, you need to verify the email address you used during registration. Go to your Sporcle Settings to finish the process.

Report this User

Report this user for behavior that violates our Community Guidelines.

Details: